000 00672nam a2200217 a 4500
001 84804
003 BD-RjUL
005 20250410131100.0
008 250410b2011 bg ||||| |||| 00| 0 ben d
035 _a(BD-RjUL)84804
040 _aBD-RjUL
_beng
_cBD-RjUL
041 _aben
082 _223
_a297
_bMOV 2011
100 _aমোহন, ইকবাল কবীর
_915229
245 _aসত্যের হলো জয় /
_cইকবাল কবীর মোহন
260 _aঢাকা :
_bশিশু কানন,
_c২০১১
300 _a৬৩ পৃ.;
_c২২ সেমি.
650 _aইসলাম
650 _aIslam
942 _2ddc
_cBK
999 _c84804
_d84804